000 00297nam a2200121Ia 4500
008 220803s9999 xx 000 0 und d
041 _aeng
082 _a891.46 KAL
100 _aKale V
_930090
245 _aVpu Kale Yancha Dr. Sudhir Nirgudkar Hyana Patra
260 _aPune
_c2014
300 _a24p
999 _c18921
_d18921